| 000 -LEADER |
| fixed length control field |
00584nam a2200193Ia 4500 |
| 008 - FIXED-LENGTH DATA ELEMENTS--GENERAL INFORMATION |
| fixed length control field |
200103s 1993 ||||xx |||||||||||||| ||und|| |
| 020 ## - INTERNATIONAL STANDARD BOOK NUMBER |
| International Standard Book Number |
9780471599890 |
| 082 ## - DEWEY DECIMAL CLASSIFICATION NUMBER |
| Classification number |
510.2462 |
| Item number |
KRE |
| 100 ## - MAIN ENTRY--PERSONAL NAME |
| Personal name |
Kreyszig, Erwin |
| 245 #0 - TITLE STATEMENT |
| Title |
Advanced engineering mathematics |
| 250 ## - EDITION STATEMENT |
| Edition statement |
7th |
| 260 ## - PUBLICATION, DISTRIBUTION, ETC. (IMPRINT) |
| Name of publisher, distributor, etc |
John Wiley & Sons |
| Date of publication, distribution, etc |
1993 |
| Place of publication, distribution, etc |
Canada |
| 300 ## - PHYSICAL DESCRIPTION |
| Extent |
xvii,1271 + A111 +I18p. |
| 504 ## - BIBLIOGRAPHY, ETC. NOTE |
| Bibliography, etc |
"Includes Appendix and Index". |
| 650 ## - SUBJECT ADDED ENTRY--TOPICAL TERM |
| Topical term or geographic name as entry element |
Higher Order Linear Differential Equations |
| 650 ## - SUBJECT ADDED ENTRY--TOPICAL TERM |
| Topical term or geographic name as entry element |
Vector Integral Calculus. Integral Theorems |
| 650 ## - SUBJECT ADDED ENTRY--TOPICAL TERM |
| Topical term or geographic name as entry element |
Numerical methods |
| 942 ## - ADDED ENTRY ELEMENTS (KOHA) |
| Item type |
Books |